Welcome to CU Library Online Public Access Catalogue (OPAC)

Fundamentals of Operations Management/ (Record no. 801)

MARC details
000 -LEADER
fixed length control field 00644nam a22002057a 4500
005 - DATE AND TIME OF LATEST TRANSACTION
control field 20241107125721.0
008 - FIXED-LENGTH DATA ELEMENTS--GENERAL INFORMATION
fixed length control field 241107b |||||||| |||| 00| 0 eng d
020 ## - INTERNATIONAL STANDARD BOOK NUMBER
International Standard Book Number 9780075612865
050 ## - LIBRARY OF CONGRESS CALL NUMBER
Classification number TS155 DAV
100 ## - MAIN ENTRY--PERSONAL NAME
Personal name Davis Mark M.
245 ## - TITLE STATEMENT
Title Fundamentals of Operations Management/
Statement of responsibility, etc. Mark M. Davis, Nicholas J. Aquilano & Richard B. Chase
250 ## - EDITION STATEMENT
Edition statement 3rf Ed.
260 ## - PUBLICATION, DISTRIBUTION, ETC.
Place of publication, distribution, etc. Boston;
Name of publisher, distributor, etc. Irwin/McGraw-Hill;
Date of publication, distribution, etc. 1999;
300 ## - PHYSICAL DESCRIPTION
Extent xx. 600p.;
Other physical details ill. col;
Dimensions 26 cm x 21 cm
Accompanying material CD
500 ## - GENERAL NOTE
General note Includes Indexes
650 ## - SUBJECT ADDED ENTRY--TOPICAL TERM
Source of heading or term Operations Management/
700 ## - ADDED ENTRY--PERSONAL NAME
Personal name Aquilano, Nicholas J.
700 ## - ADDED ENTRY--PERSONAL NAME
Personal name Chase, Richard B.
942 ## - ADDED ENTRY ELEMENTS (KOHA)
Source of classification or shelving scheme Library of Congress Classification
Koha item type Books
Edition 3rd Ed.
Suppress in OPAC No
999 ## -
-- 801
-- 801
Holdings
Withdrawn status Lost status Source of classification or shelving scheme Damaged status Not for loan Collection Home library Current library Shelving location Date acquired Total checkouts Full call number Barcode Date last seen Copy number Price effective from Koha item type
    Library of Congress Classification     Non-fiction Business Library (Miotso) Business Library (Miotso) General stacks 11/02/2024   TS155 DAV BSSM00000146 11/07/2024 1 11/02/2024 Books
    Library of Congress Classification     Non-fiction Business Library (Miotso) Business Library (Miotso) General stacks 11/02/2024   TS155 DAV BSSM00000147 11/07/2024 2 11/02/2024 Books
    Library of Congress Classification     Non-fiction Business Library (Miotso) Business Library (Miotso) General stacks 11/02/2024   TS155 DAV BSSM00000148 11/07/2024 3 11/02/2024 Books
    Library of Congress Classification     Non-fiction Business Library (Miotso) Business Library (Miotso) General stacks 11/02/2024   TS155 DAV BSSM00000149 11/07/2024 4 11/02/2024 Books
    Library of Congress Classification     Non-fiction Business Library (Miotso) Business Library (Miotso) General stacks 11/02/2024   TS155 DAV BSSM00000150 11/07/2024 5 11/02/2024 Books
© 2023-2024 Copyright: Central University Libraries. All Rights Reserved | Created by: Mahone Tech Office